| 000 | 01044naa a22002297a 4500 | ||
|---|---|---|---|
| 005 | 20240305165349.0 | ||
| 008 | 111017s2011 cl ||||| |||| 00||0 spa d | ||
| 020 | _a956-10-1505-6 | ||
| 035 | _a5787 | ||
| 040 | _avLex | ||
| 090 |
_c2660 _d2660 |
||
| 100 | 1 | _aAlessandri Rodríguez, Arturo | |
| 245 | 1 | 0 |
_aDe la compraventa y de la promesa de venta _h[Recurso electrónico] / _cArturo Alessandri Rodríguez _nTomo 1. Vol 2 |
| 256 | _aServicio en línea. | ||
| 260 |
_a[Chile] : _bEditorial jurídica de Chile, _c2011 |
||
| 300 | _a1 recurso electrónico | ||
| 506 | 1 |
_aContenido solo disponible en los productos indicados _dvLex Global _dvLex Global (Academic Edition, excluding Law Schools) _dvLex Global (U.S. Academic Edition, Law Schools) _dvLex Global (U.S. Academic Edition, excluding Law Schools) _dvLex Global (Academic Edition, Law Schools) |
|
| 650 | 0 | 4 |
_aCompraventa _zChile |
| 740 | 0 | _avLex Libros (Servicio en línea) | |
| 856 | 4 | 0 | _uhttps://app.vlex.com/#/sources/compraventa-promesa-venta-tomo-i-volumen-2-5787 |
| 942 | _cRAA | ||
| 999 |
_c161080 _d161080 |
||